000 00686nam a22001577a 4500
008 110830t xxu||||| |||| 00| 0 eng d
020 _a1559349646 9781559349642
050 _aBD21 .D46
100 _a Christensen, Kit R.
_eKit R. Christensen
245 _aPhilosophy and choice : selected readings from around the world
_cKit R. Christensen
260 _aMountain View, Calif.
_bMayfield Pub.
_c©1999
300 _axii, 621 p.
_c23 cm.
505 _aContents: What is Philosophy -- Part I. Philosophical inquiry: how and why? -- Part II. Epistemology -- Part III. Metaphysics -- Part IV. Morality -- Part V. Political philosophy -- Aesthetics
650 _aPhilosophy
942 _2lcc
_cBK
999 _c44
_d7544